Cm̤o ser el No. 1 Tčnicas y estrategias prc̀ticas de SEO /

Bibliographic Details
Main Author: Ramos, Angie
Format: eBook
Language:Spanish
Published: Bogot:̀ Ediciones de la U, 2020
Subjects:
Online Access:Acceso restringido

MARC

LEADER 00000nam a22000007a 4500
005 20210706003917.0
007 cr|||| ||||
008 210706s2020 co |||||s|||| 00||0 spa d
020 |a 978-958-792-156-4 
035 |a 33337 
040 |a vLex 
090 |c 11850  |d 11850 
100 1 |a Ramos, Angie 
245 1 0 |a Cm̤o ser el No. 1  |h [Recurso electrn̤ico] :  |b Tčnicas y estrategias prc̀ticas de SEO /  |c Angie Ramos 
256 |a Servicio en ln̕ea 
260 |a Bogot:̀  |b Ediciones de la U,  |c 2020 
300 |a 1 recurso electrn̤ico 
500 |a SEO puede parecer muy difc̕il, pero en este libro te ayudo a comprender qu ̌es, cm̤o utilizarlo para promover tu sitio web y que tu sitio pueda ser descubierto por los motores de bs︢queda. Lo cierto es que SEO te puede ayudar muchs̕imo a tener ms̀ visitantes a tu sitio web, lo que puede aumentar tus ventas y tus ingresos si lo aplicas correctamente. Puedo decirte que SEO aun cuando puede parecer difc̕il puede ayudarte mucho, y aunque existen muchos tutoriales en Internet y mucha informacin̤ acerca de cm̤o utilizarlo o consejos para hacerlo, puede parecer un poco abrumador. Sin embargo, con un buen mťodo para comprenderlo vers̀ que despuš de todo no es tan difc̕il. En este libro te dar ̌algunos consejos y algunas tčnicas que podrs̀ poner a la prc̀tica inmediatamente para crecer tu negocio. 
506 1 |a Disponible solo en los productos indicados  |d vLex Global  |d vLex Global (Academic Edition, excluding Law Schools)  |d vLex Global (U.S. Academic Edition, Law Schools)  |d vLex Global (U.S. Academic Edition, excluding Law Schools)  |d vLex Global (Academic Edition, Law Schools) 
650 0 4 |a Informt̀ica  |z Colombia 
740 0 |a vLex Libros (Servicio en ln̕ea) 
856 4 0 |u https://vlex.com/source/como-ser-el-no-1-tecnicas-y-estrategias-practicas-de-seo-33337  |z Acceso restringido 
942 |c BOOK 
999 0 |a Computing